Tratados morales

שמור ב:
מידע ביבליוגרפי
מחבר ראשי: Séneca, Lucio Anneo (Author)
פורמט: ספר
שפה:ספרדית
יצא לאור: Madrid Espasa-Calpe 1972
מהדורה:5a. ed
סדרה:Colección Austral, 389
נושאים:
תגים: הוספת תג
אין תגיות, היה/י הראשונ/ה לתייג את הרשומה!

MARC

LEADER 00000nam a2200000 a 4500
001 UCQ4514
003 CL-VaPUC
008 980904e19720000SP |||||||||||||||||spa|d
082 0 4 |a 187  |b SEN  |2 21 
100 |a Séneca, Lucio Anneo  |e author  |9 313328 
245 1 0 |a Tratados morales 
250 |a 5a. ed 
300 |a 150 p 
942 |c BK 
945 |d 19980904 00:00:00  |a lriquelm 
260 |a Madrid  |b Espasa-Calpe  |c 1972 
650 0 |a Filosofía antigua   |9 255705 
650 0 |a Conceptos morales   |9 310606 
650 0 |a Ética  |9 255099 
650 7 |a HOMBRE  |2 CL-VaPUC  |9 262149 
650 0 |a Naturaleza humana   |9 308593 
583 |a last modification  |c 19980904 00:00:00  |k Rodrigo Vera 
490 0 |a Colección Austral, 389 
999 |c 274888  |d 274886 
952 |0 0  |1 0  |4 0  |6 187_000000000000000_SEN_1972  |7 0  |8 A  |9 311250  |a BIBEDU  |b BIBEDU  |d 2019-11-20  |i 1462725  |o 187 SEN 1972  |p 1462725  |r 2019-11-20  |w 2019-11-20  |y BK  |k LIT